| 000 | 00528nam a2200169 i 4500 | ||
|---|---|---|---|
| 001 | 47389 | ||
| 003 | ES-MaACL | ||
| 005 | 20230906161543.0 | ||
| 007 | t| | ||
| 008 | 030407s1967 sp ||||1| spa d | ||
| 100 | 1 |
_aCorbett, J. P. _940462 |
|
| 245 | 1 | 0 |
_aEuropa y el orden social / _cJ. P. Corbett ; [traducción de Julio Mediavilla López]. |
| 260 |
_aMadrid : _bInstituto de Estudios Políticos, _c1967. |
||
| 300 |
_a361 p. ; _c21 cm. |
||
| 700 | 1 |
_aMediavilla López, Julio. _979680 |
|
| 852 |
_aES-MaACL _jC-34417 _bR.65050 |
||
| 999 |
_c47389 _d47389 |
||